00832nam a22001937a 4500952016200000999001700162003000900179005001700188008004100205040002300246082001300269245018000282260005300462300002800515650002000543650003800563700002500601942001200626 00102ddc40708NFICaASLbASLcSICd2020-11-24eDonated by Professor Sirajul Islam, FRHShV-4l0o203 GAEp102662r2020-11-24 00:00:00tC-1w2020-11-24yBK c19346d19346BDDh-ASL20231015025757.0201124s1999 ||||| |||| 00| 0 eng d aBDDh-ASLcBDDh-ASL a203bGAE00aEncyclopaedia of Faiths and Religions of the World, Volume IV: J-N :bAn indepth study of all religions and religious sects, their doctrinesk, rites, ceremonies and customs /  aNew Delhi: bAryan Books International, c1999.  a1187-1545 p. :c25 cm.  092221aReligions 092222aEncyclopaediavEncyclopedia1 92220aGardner, James 2ddccBK